00780cam a22002054a 4500020004300000020004000043020003800083020003500121041001200156082001500168100002500183245002100208260003900229300001700268505020500285650001100490650002800501650002600529700001900555 a9781441139092 (hardcover : alk. paper) a1441139095 (hardcover : alk. paper) a9781441131706 (pbk. : alk. paper) a1441131701 (pbk. : alk. paper) aENGLISH00a231.7bTHO1 aThompson, Curtis L.,10aGod and nature : aNew York, NY :bContinuum,cc2012. aix, 396 p. ;0 aChronology and creation -- Contingency and consilience -- Chaos and connectivity -- Complexity and coinherence -- Cooperation and compassion -- Consciousness and co-creation -- Creativity and creator. 0aNature 0aPhilosophical theology. 0aReligion and science.1 aCuff, Joyce M.